Geography Quiz

Random Geography or World Quiz
Score 0/50 Timer 15:00
0 Plays Today
Ranking City % Correct
2.New York City
98.6%
7.Chicago
91.9%
1.Hong Kong
90.7%
4.Shanghai
90.1%
42.Los Angeles
89.7%
3.Tokyo
89.1%
19.Beijing
89%
22.Moscow
82.4%
38.Paris
81.7%
41.Rio de Janeiro
81.2%
30.Sydney
81.1%
34.Houston
78.4%
27.Mexico City
77.9%
5.Dubai
77.8%
33.San Francisco
77.5%
14.Toronto
77.3%
15.São Paulo
75.8%
21.Miami
75.5%
9.Seoul
74.9%
11.Singapore
74.8%
43.Melbourne
73.3%
18.Osaka
71.6%
23.Mumbai
71.3%
26.Buenos Aires
71.1%
20.Jakarta
69.5%
Ranking City % Correct
6.Bangkok
65.8%
10.Kuala Lumpur
65%
32.Istanbul
63.8%
8.Guangzhou
60.7%
40.Atlanta
59.2%
16.Manila
58.5%
48.Las Vegas
43.2%
49.Tel Aviv
42.8%
50.Caracas
40%
12.Shenzhen
39.4%
36.Wuhan
36.5%
25.Tianjin
36.4%
37.Doha
36%
46.Busan
35.9%
13.Chongqing
33.9%
35.Chengdu
29.7%
24.Macau
29.7%
28.Nanjing
28.1%
29.Honolulu
25%
17.Panama City
23.5%
47.Hangzhou
19.2%
39.Shenyang
18.3%
44.Qingdao
15.9%
31.Dalian
13.9%
45.Xiamen
8.8%

You're not logged in!

Compare scores with friends on all Sporcle quizzes.
OR
Log In

Sporcle TV

Today on Sporcle TV


Watch our educational content, quiz creation guides, and fun videos on Sporcle TV.

Show Comments

Extras

Top Quizzes Today


Score Distribution

Paid Content

Your Account Isn't Verified!

In order to create a playlist on Sporcle, you need to verify the email address you used during registration. Go to your Sporcle Settings to finish the process.

Report this User

Report this user for behavior that violates our Community Guidelines.

Details: